Women's Tennis Rankings 2026 - Statistics

General Stats
  • This quiz has been taken 1,774 times
    360 since last reset
  • The average score is 18 of 32
Answer Stats
Ranking Country Player % Correct
1. Belarus Aryna Sabalenka
96%
2. Poland Iga Świątek
96%
3. United States Coco Gauff
93%
5. Kazakhstan Elena Rybakina
84%
16. Japan Naomi Osaka
82%
6. United States Jessica Pegula
81%
8. Italy Jasmine Paolini
78%
7. United States Madison Keys
78%
4. United States Amanda Anisimova
74%
14. Ukraine Elina Svitolina
73%
11. Switzerland Belinda Bencic
71%
29. United Kingdom Emma Raducanu
66%
9. Russia Mirra Andreeva
66%
23. Latvia Jeļena Ostapenko
64%
24. China Qinwen Zheng
61%
18. Canada Victoria Mboko
53%
25. Spain Paula Badosa
51%
12. Denmark Clara Tauson
50%
20. Belgium Elise Mertens
50%
22. Canada Leylah Fernandez
49%
19. Czech Republic Karolina Muchová
48%
26. Ukraine Marta Kostyuk
44%
10. Russia Ekaterina Alexandrova
42%
15. United States Emma Navarro
42%
13. Czech Republic Linda Nosková
33%
21. Russia Diana Shnaider
32%
32. Australia Maya Joint
29%
17. Russia Liudmila Samsonova
26%
27. Ukraine Dayana Yastremska
25%
28. United States Sofia Kenin
21%
30. Russia Veronika Kudermetova
16%
31. United States Mccartney Kessler
15%
No matching quizzes found
Score Distribution
Percent of People with Each Score
Percentile by Number Answered
Your Score History
You have not taken this quiz since the last reset